|
|
|
|
| LEADER |
00000nam a2200000 a 4500 |
| 001 |
vtls001386126 |
| 003 |
SK-MaSNL |
| 005 |
20260301161506.0 |
| 008 |
240314s1999 xo ae r yy ger |
| 015 |
|
|
|a SNBA2000/06-01933
|
| 020 |
|
|
|a 8088853214
|
| 035 |
|
|
|a SNK000340277
|
| 035 |
|
|
|a urn:nbn:sk:snk-amkkwj
|
| 035 |
|
|
|a urn:nbn:sk:snk-am003v98
|
| 035 |
|
|
|a 233F779A-BD74-4748-B074-49B0D92180D5
|
| 040 |
|
|
|a SNK
|b slo
|c SNK
|e AACR2
|
| 041 |
0 |
|
|a ger
|
| 044 |
|
|
|a xo
|c SK
|
| 080 |
|
|
|a 630(038)=30=854
|2 1981
|
| 080 |
|
|
|a 801.316.4:630=30=854
|2 1981
|
| 100 |
1 |
|
|a Lacko, Milan
|4 aut
|9 6438
|
| 245 |
1 |
0 |
|a Nemecko-slovenský slovník
|b lesnícka politika, ekonomika a právo
|c Milan Lacko
|
| 260 |
|
|
|a Zvolen
|b Lesnícky výskumný ústav
|c 1999
|
| 300 |
|
|
|a 87 s.
|c 21 cm
|
| 500 |
|
|
|a 150 výt.
|
| 504 |
|
|
|a Bibliogr. s. 87. Skrat.
|
| 650 |
0 |
7 |
|a lesníctvo
|x slovníky nemecko-slovenské
|2 SNK
|9 524591
|
| 650 |
0 |
7 |
|a slovníky nemecko-slovenské
|x lesníctvo
|2 SNK
|9 524592
|
| 655 |
|
7 |
|a slovníky
|2 SNK
|9 70413
|
| 919 |
|
|
|a 80-88853-21-4
|
| 958 |
|
|
|a TL
|
| 958 |
|
|
|a NB
|
| 999 |
|
|
|c 809659
|d 811589
|
| 952 |
|
|
|t P60, <03>, [BOOK], {603}
|a SNK
|b SNK
|y PREZ
|7 0
|p 17A0234423
|o snkSC 101241
|i snkKSP 3610/2000
|0 0
|1 0
|4 0
|d 2000-03-31
|f 1
|l 0
|r 2025-09-19 00:00:00
|w 2026-02-24
|
| 952 |
|
|
|t P60, <04>, [BOOK], {604}
|a SNK
|b SNK
|y VYP
|7 0
|p 17A0234424
|o snkSC 101241 D1
|i snkKSP 3611/2000
|0 0
|1 0
|4 0
|d 2000-03-31
|l 0
|r 2005-01-02 00:00:00
|w 2026-02-24
|